Detalles MARC
| 000 -CABECERA |
| Longitud fija campo de control |
02213nam a2200505 i 4500 |
| 001 - NÚMERO DE CONTROL |
| Número de control |
46090 |
| 003 - IDENTIFICADOR DE NÚMERO DE CONTROL |
| Identificador del número de control |
ES-MaCES |
| 005 - FECHA Y HORA DE LA ÚLTIMA TRANSACCIÓN |
| Fecha y hora de la última transacción |
20220408040013.0 |
| 008 - CAMPO FIJO DE DESCRIPCIÓN FIJA--INFORMACIÓN GENERAL |
| Códigos de información de longitud fija |
150708s2015 sp 100 ||spa d |
| 017 ## - NÚMERO DE REGISTRO DE DERECHOS DE AUTOR Y DEPÓSITO LEGAL |
| Número de copyright o de depósito legal |
V 705-2015 |
| Agencia que asigna el número |
DL |
| 020 ## - ISBN (INTERNATIONAL STANDARD BOOK NUMBER) |
| Número Internacional Normalizado para Libros (ISBN) |
9788490863077 |
| 040 ## - FUENTE DE CATALOGACIÓN |
| Centro catalogador de origen |
ES-MaCES |
| Lengua de catalogación |
spa |
| Centro transcriptor |
ES-MaCES |
| 245 03 - MENCIÓN DE TÍTULO |
| Título |
La inserción laboral de las mujeres en riesgo de exclusión social |
| Mención de responsabilidad, etc. |
Susana Rodríguez Escanciano, María Reyes Martínez Barroso, dirs. ; Henar Álvarez Cuesta, coord. |
| 260 ## - PUBLICACIÓN, DISTRIBUCIÓN, ETC (PIE DE IMPRENTA) |
| Lugar de publicación, distribución, etc. |
Valencia |
| Nombre del editor, distribuidor, etc. |
Tirant lo Blanch |
| Fecha de publicación, distribución, etc. |
2015 |
| 300 ## - DESCRIPCIÓN FÍSICA |
| Extensión |
389 p. |
| Dimensiones |
21 cm |
| 490 1# - MENCIÓN DE SERIE |
| Mención de serie |
Tirant monografías |
| Designación de volumen o secuencia |
974 |
| 500 ## - NOTA GENERAL |
| Nota general |
Recoge la mayor parte de las ponencias expuestas en el Seminario sobre Trabajo y Género, "La Inserción Laboral de las Mujeres Pertenecientes a Grupos con Riesgo de Exclusión Social en un Contexto Económico de Crisis", celebrados en la Universidad de León entre los días 24 de marzo y 3 de abril de 2014 |
| 541 0# - NOTA DE LA FUENTE INMEDIANTE DE ADQUISICIÓN |
| Forma de adquisición |
Compra |
| 650 #4 - ASIENTO SECUNDARIO DE MATERIA--TÉRMINO DE MATERIA |
| Término de materia o nombre geográfico como elemento inicial |
inserción profesional |
| 9 (RLIN) |
29942 |
| 650 #4 - ASIENTO SECUNDARIO DE MATERIA--TÉRMINO DE MATERIA |
| Término de materia o nombre geográfico como elemento inicial |
igualdad de oportunidades en el empleo |
| 9 (RLIN) |
30649 |
| 650 #4 - ASIENTO SECUNDARIO DE MATERIA--TÉRMINO DE MATERIA |
| Término de materia o nombre geográfico como elemento inicial |
mujeres |
| 9 (RLIN) |
28657 |
| 650 #4 - ASIENTO SECUNDARIO DE MATERIA--TÉRMINO DE MATERIA |
| Término de materia o nombre geográfico como elemento inicial |
exclusión social |
| 9 (RLIN) |
30629 |
| 650 #4 - ASIENTO SECUNDARIO DE MATERIA--TÉRMINO DE MATERIA |
| Término de materia o nombre geográfico como elemento inicial |
discriminación por razones de sexo |
| 9 (RLIN) |
29521 |
| 650 #4 - ASIENTO SECUNDARIO DE MATERIA--TÉRMINO DE MATERIA |
| Término de materia o nombre geográfico como elemento inicial |
hogar con un solo progenitor |
| 9 (RLIN) |
29268 |
| 650 #4 - ASIENTO SECUNDARIO DE MATERIA--TÉRMINO DE MATERIA |
| Término de materia o nombre geográfico como elemento inicial |
pobreza |
| 9 (RLIN) |
27112 |
| 650 #4 - ASIENTO SECUNDARIO DE MATERIA--TÉRMINO DE MATERIA |
| Término de materia o nombre geográfico como elemento inicial |
desempleado de larga duración |
| 9 (RLIN) |
30417 |
| 650 #4 - ASIENTO SECUNDARIO DE MATERIA--TÉRMINO DE MATERIA |
| Término de materia o nombre geográfico como elemento inicial |
violencia |
| 9 (RLIN) |
29388 |
| 650 #4 - ASIENTO SECUNDARIO DE MATERIA--TÉRMINO DE MATERIA |
| Término de materia o nombre geográfico como elemento inicial |
inmigrante |
| 9 (RLIN) |
28631 |
| 650 #4 - ASIENTO SECUNDARIO DE MATERIA--TÉRMINO DE MATERIA |
| Término de materia o nombre geográfico como elemento inicial |
persona con discapacidad |
| 9 (RLIN) |
28689 |
| 650 #4 - ASIENTO SECUNDARIO DE MATERIA--TÉRMINO DE MATERIA |
| Término de materia o nombre geográfico como elemento inicial |
uso indebido de drogas |
| 9 (RLIN) |
27048 |
| 650 #4 - ASIENTO SECUNDARIO DE MATERIA--TÉRMINO DE MATERIA |
| Término de materia o nombre geográfico como elemento inicial |
personas de edad avanzada |
| 9 (RLIN) |
28521 |
| 650 #4 - ASIENTO SECUNDARIO DE MATERIA--TÉRMINO DE MATERIA |
| Término de materia o nombre geográfico como elemento inicial |
juventud |
| 9 (RLIN) |
28522 |
| 650 #4 - ASIENTO SECUNDARIO DE MATERIA--TÉRMINO DE MATERIA |
| Término de materia o nombre geográfico como elemento inicial |
España |
| 9 (RLIN) |
26964 |
| 650 #4 - ASIENTO SECUNDARIO DE MATERIA--TÉRMINO DE MATERIA |
| Término de materia o nombre geográfico como elemento inicial |
derecho comunitario |
| 9 (RLIN) |
29866 |
| 650 #4 - ASIENTO SECUNDARIO DE MATERIA--TÉRMINO DE MATERIA |
| Término de materia o nombre geográfico como elemento inicial |
derecho comparado |
| 9 (RLIN) |
29868 |
| 650 #4 - ASIENTO SECUNDARIO DE MATERIA--TÉRMINO DE MATERIA |
| Término de materia o nombre geográfico como elemento inicial |
conferencia |
| 9 (RLIN) |
27013 |
| 653 10 - TÉRMINO DE INDEXACIÓN--NO CONTROLADO |
| Término no controlado |
Mujer |
| 700 1# - ENCABEZAMIENTO SECUNDARIO--NOMBRE PERSONAL |
| 9 (RLIN) |
22329 |
| Nombre de persona |
Rodríguez Escanciano, Susana |
| Término indicativo de función |
dir. |
| 700 1# - ENCABEZAMIENTO SECUNDARIO--NOMBRE PERSONAL |
| 9 (RLIN) |
17775 |
| Nombre de persona |
Martínez Barroso, María de los Reyes |
| Término indicativo de función |
dir. |
| 700 1# - ENCABEZAMIENTO SECUNDARIO--NOMBRE PERSONAL |
| 9 (RLIN) |
6119 |
| Nombre de persona |
Álvarez Cuesta, Henar |
| Término indicativo de función |
col. |
| 711 2# - ENCABEZAMIENTO SECUNDARIO--NOMBRE DE REUNIÓN |
| 9 (RLIN) |
35829 |
| Nombre de congreso o nombre de jurisdicción como elemento inicial |
Seminario sobre Trabajo y Género, "La Inserción Laboral de las Mujeres Pertenecientes a Grupos con Riesgo de Exclusión Social en un Contexto Económico de Crisis" |
| Sede del congreso |
León |
| Fecha del congreso |
2014 |
| 830 #0 - ENCABEZAMIENTO SECUNDARIO DE COLECCIÓN--TÍTULO UNIFORME |
| Título uniforme |
Tirant monografías |
| Designación de volumen o secuencia |
974 |
| 9 (RLIN) |
32480 |
| 902 ## - CES. TIPO DE DOCUMENTO |
| Tipodoc (006$c Sirtex) |
LIB Libro |
| 942 ## - ELEMENTOS KOHA |
| Fuente de clasificaión o esquema |
Clasificación propia del CES |
| Koha [por defecto] tipo de item |
Monografías |
| Parte de clasificación |
Asuntos Sociales |